| 000 | 00468nam a2200157 a 4500 | ||
|---|---|---|---|
| 001 | 000016725 | ||
| 005 | 20200929164943.0 | ||
| 008 | 100310s1944 dr a 000 0 spa d | ||
| 040 |
_aDO-SdBNP _bspqa _cBNPHU |
||
| 082 |
_axxx _bP645s |
||
| 100 | 1 |
_aPina, Tulio H. _937097 |
|
| 245 | 1 | 0 |
_aSeguros sobre accidentes de trabajo / _cTulio H. Pina. |
| 260 |
_aCiudad Trujillo, República Dominicana : _bMontalvo, _c1944. |
||
| 300 |
_a271 p. : _bil. ; _c25 cm. |
||
| 049 | _aBNPD | ||
| 999 |
_c16257 _d16257 |
||